100 Largest US Cities - A - Statistics

General Stats
  • This quiz has been taken 518 times
  • The average score is 38 of 100
Answer Stats
Rank Population City % Correct
71 25,143 Austin, MN
97%
1 1,011,790 Austin, TX
97%
3 524,067 Atlanta, GA
90%
44 45,304 Arlington, MA
89%
4 400,316 Arlington, TX
89%
79 22,041 Arlington, WA
89%
2 562,281 Albuquerque, NM
86%
6 349,699 Anaheim, CA
82%
94 19,318 Albany, CA
80%
31 69,952 Albany, GA
80%
20 95,358 Albany, NY
80%
37 56,978 Albany, OR
80%
9 199,614 Augusta, GA
79%
97 18,795 Augusta, ME
79%
5 388,723 Aurora, CO
76%
11 194,873 Aurora, IL
76%
19 109,715 Allen, TX
74%
48 39,241 Annapolis, MD
73%
7 282,958 Anchorage, AK
71%
42 45,412 Alexandria, LA
69%
12 160,146 Alexandria, VA
69%
16 121,252 Allentown, PA
68%
10 197,023 Akron, OH
67%
8 199,747 Amarillo, TX
66%
61 29,216 Athens, AL
65%
13 129,025 Athens, GA
65%
74 24,420 Athens, OH
65%
17 117,082 Ann Arbor, MI
63%
14 124,710 Abilene, TX
52%
21 93,350 Asheville, NC
51%
33 67,787 Auburn, AL
50%
76 23,564 Auburn, ME
50%
70 25,547 Auburn, NY
50%
24 80,814 Auburn, WA
50%
28 73,538 Appleton, WI
47%
38 54,529 Anderson, IN
46%
63 28,226 Anderson, SC
46%
64 27,859 Aberdeen, SD
42%
15 122,974 Arvada, CO
40%
18 111,350 Antioch, CA
38%
49 38,041 Atlantic City, NJ
36%
90 19,962 Avon, IN
36%
75 23,739 Avon, OH
36%
34 66,772 Ames, IA
35%
25 76,184 Alameda, CA
33%
88 20,097 Altoona, IA
33%
47 42,766 Altoona, PA
33%
87 20,346 Alamo, TX
31%
27 73,661 Apple Valley, CA
31%
35 57,275 Apple Valley, MN
31%
92 19,582 Ashland, KY
29%
89 20,011 Ashland, OH
29%
81 21,311 Ashland, OR
29%
22 92,363 Avondale, AZ
29%
36 57,047 Arcadia, CA
26%
26 74,048 Arlington Heights, IL
26%
23 82,504 Alhambra, CA
25%
55 33,332 Andover, MN
24%
51 36,054 Addison, IL
22%
69 25,690 Alton, IL
22%
93 19,509 Alton, TX
22%
29 71,569 Ankeny, IA
21%
32 69,125 Alpharetta, GA
20%
80 21,975 Albertville, AL
17%
57 31,041 Aiken, SC
16%
65 26,891 Alvin, TX
16%
30 70,182 Apex, NC
16%
43 45,387 Attleboro, MA
16%
56 32,734 Alamogordo, NM
15%
86 20,835 Anniston, AL
15%
73 24,538 Ardmore, OK
15%
84 21,026 Adrian, MI
14%
45 44,641 Apache Junction, AZ
14%
39 53,227 Apopka, FL
14%
54 33,635 Alabaster, AL
12%
83 21,027 Arnold, MO
12%
40 50,300 Azusa, CA
12%
50 36,313 Aventura, FL
11%
41 50,249 Aliso Viejo, CA
10%
46 43,989 Altamonte Springs, FL
10%
52 34,521 American Fork, UT
10%
82 21,122 Alliance, OH
9%
96 18,801 Arcata, CA
9%
78 22,661 Arvin, CA
9%
68 26,186 Asheboro, NC
9%
59 29,847 Atwater, CA
9%
91 19,844 Agoura Hills, CA
8%
100 18,431 Alsip, IL
8%
67 26,254 Auburn Hills, MI
8%
77 23,188 Acworth, GA
7%
53 34,007 Adelanto, CA
7%
58 30,969 Algonquin, IL
7%
85 21,003 American Canyon, CA
7%
98 18,523 Ammon, ID
7%
72 24,786 Avon Lake, OH
7%
62 28,373 Agawam, MA
6%
66 26,636 Allen Park, MI
6%
99 18,452 Ansonia, CT
6%
60 29,711 Atascadero, CA
6%
95 19,293 Angleton, TX
5%
No matching quizzes found
Score Distribution
Percent of People with Each Score
Percentile by Number Answered
Your Score History
You have not taken this quiz